| 000 | 00000nam##2200000za#4500 |
| 001 | 9.605087 |
| 003 | CaOODSP |
| 005 | 20210624211933 |
| 007 | cr ||||||||||| |
| 008 | 150406|2008||||xxc|||||o f|0| 0 fre|d |
| 040 | |aCaOODSP|bfre |
| 043 | |an-cn--- |
| 086 | 1 |aTU3-5/08-21F-PDF |
| 110 | 2 |aBureau de la sécurité des transports du Canada. |
| 245 | 10|aPerte de référence visuelle et collision avec le relief de l'hélicoptère Bell 212 C-GERH exploité par Sequoia Helicopters Limited à 9 nm à l'ouest de Golden (Colombie-Britannique), le 7 février 2008 |h[ressource électronique] |
| 260 | |aGatineau - Québec : |bBureau de la sécurité des transports du Canada |c[2008]. |
| 300 | |a7p.|bfigures |
| 490 | 1 |aRapport d'enquête aéronautique |vA08P0035 |
| 590 | |a13-02-Supp|b2013-01-11 |
| 775 | 08|tLoss of visual reference/collision with terrain - Sequoia Helicopters Limited Bell 212 (Helicopter) C-GERH Golden, British Columbia, 9 nm W, 07 February 2008 |w(CaOODSP)9.575590 |
| 830 | #0|aRapport d'enquête aéronautique ;|vA08P0035|w(CaOODSP)9.501229 |
| 856 | 40|ahttp://publications.gc.ca|qPDF|s199 Ko|uhttps://publications.gc.ca/collections/collection_2012/bst-tsb/TU3-5-08-21-fra.pdf|yA08P0035 |